000
00268 a2200121 4500
001
33963
082
_a
954.91 ILY
090
_c
22523
_d
22523
100
_a
Ilyas Khan, M.
245
_a
PK 805 but the truth
260
_a
Karachi
_b
Royal book
_c
2002
300
_a
277p
942
_a
NUST-CAE
_k
954.91 ILY
999
_c
269036
_d
269036